Μελέτη επί της νέας Ελληνικής : ή βάσανος του ελέγχου του ψευδαττικισμού

Αποθηκεύτηκε σε:
Λεπτομέρειες βιβλιογραφικής εγγραφής
Κύριος συγγραφέας: Χατζιδάκις, Γεώργιος Ν. 1848-1941
Μορφή: Βιβλίο
Γλώσσα:Greek
Δημοσίευση: Εν Αθήναις : Εκ του τυπογραφείου Ανδρέου Κορομηλά, 1884
Θέματα:
Ετικέτες: Προσθήκη ετικέτας
Δεν υπάρχουν, Καταχωρήστε ετικέτα πρώτοι!

MARC

LEADER 00000cam a2200000 i 4500
001 1/62148
008 141217s1884 gre d
035 |l 10120178 
040 |a GR-MY-UA  |b gre  |e aacr 
041 0 |a gre 
082 0 |a 489.34  |2 (23) 
100 1 |a Χατζιδάκις, Γεώργιος Ν.  |d 1848-1941. 
245 1 0 |a Μελέτη επί της νέας Ελληνικής :  |b ή βάσανος του ελέγχου του ψευδαττικισμού /  |c Γεωργίου Ν. Χατζιδάκη 
260 |a Εν Αθήναις :   |b Εκ του τυπογραφείου Ανδρέου Κορομηλά,   |c 1884 
300 |a 84 σ.;  |c 23 εκ. 
650 0 0 |a Greek language  |x History  |y 19th century. 
852 |a INST  |b SAMOS  |c PORFYRIADA  |e 20141217  |h 489.34 ΧΑΤ  |p 005300040966  |q 005300040966  |t NOLOAN  |y 23 
901 |a BIBL3-2014-3 
909 |a Σ  |b 185578 
970 |a ΣΙΤΖΙΜΗ  |b ΓΙΑΣΕΜΗ  |z 2014/12/17